Statistics for Countries Closest to Africa

Click here to take the quiz!

General Stats

  • This quiz has been taken 35,100 times
    (33,500 since last reset)
  • The average score is 17 of 20

Answer Stats

km country miles % Correct
0Spain0
98%
144Italy89
96%
101Saudi Arabia63
95%
258Greece160
93%
183Israel114
93%
20Yemen13
92%
202Portugal126
92%
507Turkey315
91%
450France280
91%
570Oman354
90%
212Jordan132
87%
365Syria227
86%
288Malta179
84%
352Cyprus219
84%
332Lebanon207
82%
645Iraq401
79%
21UK (Gibraltar)13
72%
737Monaco458
65%
549Vatican City341
65%
637Andorra396
57%

Score Distribution

Percentile by Number Answered

Percent of People with Each Score

Your Score History

You have not taken this quiz since the last reset